Press The Mass Nouns #1 - Sudden Death - Statistics

General Stats
  • This quiz has been taken 60 times
  • The average score is 4 of 18
Answers on the Grid
Answers color-coded by a green-red scale on the quiz's grid according to % correct below.
patience
cobalt
glitter
lemon
cooler
luggage
water
bread
applause
spade
ice
horse
money
soldier
plate
cat
cook
sunshine
homework
cheese
box
fear
software
day
apple
element
jewelry
joy
fruit
hope
classroom
gold
 
Answer Stats
Answer % Correct
patience
91%
glitter
56%
cobalt
50%
sunshine
26%
applause
24%
hope
24%
ice
18%
joy
18%
water
18%
fear
15%
gold
15%
homework
12%
money
12%
software
12%
bread
6%
horse
6%
jewelry
6%
cheese
3%
No matching quizzes found
Score Distribution
Percent of People with Each Score
Percentile by Number Answered
Your Score History
You have not taken this quiz